[Event "FRA-chT1A 1112"]
[Site "France"]
[Date "2011.11.13"]
[Round "3.5"]
[White "Bricard, Herve"]
[Black "Benbara, Brahim"]
[Result "1-0"]
[WhiteElo "2043"]
[BlackElo "2071"]
[PlyCount "111"]
[EventDate "2011.10.16"]
[EventType "team-tourn"]
[EventRounds "11"]
[EventCountry "FRA"]
[SourceTitle "EXT 2013"]
[Source "ChessBase"]
[SourceDate "2012.11.22"]
[SourceVersion "1"]
[SourceVersionDate "2012.11.22"]
[SourceQuality "1"]
[WhiteTeam "Loures Barousse"]
[BlackTeam "JEEN"]
[WhiteTeamCountry "FRA"]
[BlackTeamCountry "FRA"]

1. e4 Nf6 2. Nc3 d5 3. exd5 Nxd5 4. Be2 g6 5. Nf3 Bg7 6. d4 Nxc3 7. bxc3 0-0 8. 0-0 c5 9. Be3 Nd7 10. Qd2 Qa5 11. Rfb1 a6 12. Rb3 Rd8 13. Qc1 Qc7 14. Qa3 c4 15. Rbb1 Bf8 16. Qc1 b5 17. a4 Nb6 18. axb5 a5 19. Bf4 Qa7 20. Ne5 Bb7 21. Bxc4 Nxc4 22. Nxc4 a4 23. Bc7 Bd5 24. b6 Qb7 25. Ne3 Bh6 26. Qf1 Bxe3 27. fxe3 Rf8 28. c4 Be4 29. Qe2 a3 30. Rb3 a2 31. Rb2 Rac8 32. Rbxa2 Rxc7 33. bxc7 Qxc7 34. Ra7 Qd8 35. d5 e6 36. Rd1 exd5 37. cxd5 Bxd5 38. Ra4 Qe8 39. Rad4 Be4 40. Qc4 Bf5 41. e4 Bg4 42. R1d2 Qb8 43. Qb3 Qa7 44. Qe3 Qa1+ 45. Kf2 Kg7 46. Qg3 h5 47. Qe5+ Kh7 48. h3 Be6 49. Qf6 Rb8 50. Qf3 Rb2 51. Qc3 Qa2 52. Rd8 Qa7+ 53. Kg3 h4+ 54. Kf3 f6 55. Qxf6 Qf7 56. Rh8# 1-0

[Event "FRA-chT1A 1112"]
[Site "France"]
[Date "2011.10.16"]
[Round "1.7"]
[White "Bricard, Herve"]
[Black "Zaninetti, Laurent"]
[Result "1/2-1/2"]
[WhiteElo "2043"]
[BlackElo "1990"]
[PlyCount "64"]
[EventDate "2011.10.16"]
[EventType "team-tourn"]
[EventRounds "11"]
[EventCountry "FRA"]
[SourceTitle "EXT 2013"]
[Source "ChessBase"]
[SourceDate "2012.11.22"]
[SourceVersion "1"]
[SourceVersionDate "2012.11.22"]
[SourceQuality "1"]
[WhiteTeam "Loures Barousse"]
[BlackTeam "Agen"]
[WhiteTeamCountry "FRA"]
[BlackTeamCountry "FRA"]

1. e4 c6 2. d3 d5 3. Nd2 e5 4. Ngf3 Bd6 5. g3 Nf6 6. Bg2 Be6 7. 0-0 0-0 8. Re1 Nbd7 9. exd5 cxd5 10. c4 Re8 11. cxd5 Bxd5 12. b3 Bb4 13. Bb2 e4 14. dxe4 Nxe4 15. Nxe4 Bxe4 16. Qd4 Qf6 17. Rxe4 Rxe4 18. Qxe4 Qxb2 19. Rd1 Bc5 20. Qxb7 Qxf2+ 21. Kh1 Nb6 22. Rf1 Qxa2 23. Ng5 Rf8 24. Qe4 g6 25. Qh4 h5 26. g4 Qe2 27. Ne4 Bd4 28. gxh5 Qxh5 29. Nf6+ Bxf6 30. Qxf6 Qh8 31. Qe7 Nc8 32. Qd7 Qe5 1/2-1/2

[Event "Sainte Marie op"]
[Site "Sainte Marie"]
[Date "2005.10.19"]
[Round "5"]
[White "Bricard, Herve"]
[Black "Caron, Jean Marie"]
[Result "1-0"]
[WhiteElo "2126"]
[BlackElo "1912"]
[PlyCount "69"]
[EventDate "2005.10.15"]
[EventType "swiss"]
[EventRounds "9"]
[EventCountry "FRA"]
[SourceTitle "EXT 2006"]
[Source "ChessBase"]
[SourceDate "2005.11.24"]
[SourceVersion "1"]
[SourceVersionDate "2005.11.24"]
[SourceQuality "1"]

1. e4 e5 2. Nc3 Nc6 3. g3 Nf6 4. Bg2 Bc5 5. Nge2 a6 6. h3 d6 7. d3 Be6 8. Nd5 0-0 9. 0-0 h6 10. Kh2 Nh7 11. Ne3 Qd7 12. c3 Bxe3 13. fxe3 Ng5 14. Ng1 Ne7 15. d4 f6 16. h4 Nh7 17. Bd2 a5 18. Qe2 b5 19. d5 Bg4 20. Bf3 h5 21. Qd1 g5 22. Be1 f5 23. exf5 Qxf5 24. e4 Qd7 25. Bd2 Ng6 26. hxg5 Rxf3 27. Rxf3 Qe7 28. Qf1 Bxf3 29. Nxf3 Rf8 30. Qg2 Qd7 31. Nh4 Qf7 32. Nf5 Qd7 33. Rf1 Qd8 34. Qh3 Nxg5 35. Qxh5 1-0

[Event "Sainte Marie op"]
[Site "Sainte Marie"]
[Date "2005.10.15"]
[Round "1"]
[White "Bricard, Herve"]
[Black "Strate, Wolfgang"]
[Result "1-0"]
[WhiteElo "2126"]
[BlackElo "1790"]
[PlyCount "87"]
[EventDate "2005.10.15"]
[EventType "swiss"]
[EventRounds "9"]
[EventCountry "FRA"]
[SourceTitle "EXT 2006"]
[Source "ChessBase"]
[SourceDate "2005.11.24"]
[SourceVersion "1"]
[SourceVersionDate "2005.11.24"]
[SourceQuality "1"]

1. e4 d5 2. exd5 Nf6 3. Nf3 Nxd5 4. d4 g6 5. c4 Nf6 6. Nc3 Bg7 7. Bg5 0-0 8. Be2 Re8 9. 0-0 Nbd7 10. b4 b6 11. Qb3 Bb7 12. Rad1 c6 13. Ne5 Qc7 14. Bf4 Nxe5 15. Bxe5 Qd7 16. Bf3 Ng4 17. Bxg7 Kxg7 18. h3 Nf6 19. c5 Rad8 20. Rfe1 Nd5 21. Bxd5 cxd5 22. b5 Bc8 23. c6 Qd6 24. Re5 e6 25. Rde1 f6 26. R5e3 e5 27. f4 e4 28. Ne2 Re7 29. Rf1 f5 30. a4 Qf6 31. Qb4 Rd6 32. Rc1 Rc7 33. a5 Kf7 34. axb6 axb6 35. Ra3 Re6 36. Nc3 Qd8 37. Qb3 Rd6 38. Rca1 Qf6 39. Qb4 Qd8 40. Ra8 Re6 41. Qb3 Rd6 42. Rb8 Qh4 43. Ne2 g5 44. Qe3 1-0

[Event "FRA-chT 0304 Regionale"]
[Site "Bretagne "]
[Date "2004.01.18"]
[Round "4"]
[White "Ozdemir, Ismet"]
[Black "Bricard, Herve"]
[Result "1-0"]
[WhiteElo "1730"]
[BlackElo "1499"]
[PlyCount "33"]
[EventDate "2003.01.16"]
[EventType "team"]
[EventRounds "7"]
[EventCountry "FRA"]
[SourceTitle "EXT 2007"]
[Source "ChessBase"]
[SourceDate "2006.11.23"]
[SourceVersion "1"]
[SourceVersionDate "2006.11.23"]
[SourceQuality "1"]

1. e4 e5 2. Nf3 Nc6 3. Bc4 Nf6 4. Ng5 Qe7 5. Bxf7+ Kd8 6. Bb3 d6 7. Nf7+ Ke8 8. Nxh8 Bd7 9. Nc3 Na5 10. Nd5 Qd8 11. d3 Bc6 12. Bg5 h6 13. Bxf6 gxf6 14. Qh5+ Kd7 15. Qf5+ Ke8 16. Nxf6+ Ke7 17. Qe6# 1-0

[Event "FRA-chT2"]
[Site "France"]
[Date "2002.01.19"]
[Round "5.8"]
[White "Bricard, Herve"]
[Black "Hamida, Ouahid"]
[Result "1-0"]
[WhiteElo "2113"]
[BlackElo "2180"]
[PlyCount "61"]
[EventDate "2002.??.??"]
[EventType "team"]
[EventRounds "11"]
[EventCountry "FRA"]
[SourceTitle "EXT 2003"]
[Source "ChessBase"]
[SourceDate "2002.11.25"]
[SourceVersion "1"]
[SourceVersionDate "2002.11.25"]
[SourceQuality "1"]

1. e4 Nc6 2. Nf3 d6 3. d4 g6 4. Nc3 Bg7 5. Be3 Nf6 6. h3 0-0 7. Qd2 a6 8. Bh6 b5 9. Bxg7 Kxg7 10. Bd3 e5 11. d5 Ne7 12. g4 h5 13. g5 Nd7 14. Nh4 Bb7 15. Ne2 c5 16. c4 Qb6 17. 0-0 bxc4 18. Bxc4 Qb4 19. Qd3 Nb6 20. b3 Qa3 21. Nc3 Bc8 22. f4 exf4 23. Rxf4 Nxc4 24. bxc4 Rb8 25. Raf1 Bd7 26. Rf6 Rbd8 27. Qf3 Be8 28. Re6 Rd7 29. Qf6+ Kg8 30. Rxe7 Rxe7 31. Nxg6 1-0